01309nam a2200325 a 450000100100000000500170001000800410002702000180006809000120008610000160009824500630011425000120017726000440018930000250023349000220025850000480028050000610032850000630038950000940045250000950054651700140064165000120065565000240066765000350069165000300072670000250075690100400078199900150082195201470083600002757920200120222129.0060202s2003 espa gr0 000 d a84-95620-96-0 aAbBROR0 aBrown, Ruth10aDiez semillas /cRuth Brown; traducción: Mari Luz Ponce. a1a. ed. aValencia (España) :bBrosquil,c2003. aca. 20 p. : il. col. 0aBrosquil infantil aEj. 2-8 Donación Brosquil boblioteca CEIC aEjemplar en Biblioteca Subachoque con ISBN 9789588654270 aEj.1 biblioteca mosquera con ISBN:9789588654270 año 2001 aEj.1 de la Biblioteca Carlos E. Restrepo pertenece a la colección donada por Bibliored. aEj.1 Biblioparque Funza ISBN: 9789588654270. Donación Banco de la República. PNLB 2012 aTen Seeds14aÁlbum14aLiteratura infantil14aLibros ilustrados para niños24aAnimales en la literatura1 aPonce, Mari Luz, tr. aCompra, Brosquil, 2005, $ 37.100.00 c1540d1540 00102ddc40708LIaBPMOSbBPMOSd2020-01-20i109517l6m1oA BRORpMOS013769r2025-05-27s2025-05-19tej.1w2020-01-20yBKLITzQuince días